| 000 | 01522nam0a2200337 4500 | ||
|---|---|---|---|
| 001 | RU\NLR\bibl\37519 | ||
| 005 | 20260405165107.0 | ||
| 021 |
_aRU _b99-14399 _9694 |
||
| 035 | _a(NLR Aleph) 000036561 | ||
| 090 |
_a187928 _c187928 |
||
| 100 | _a19990708d1999 |||y0rusy50 ca | ||
| 101 | 0 | _arus | |
| 102 | _aRU | ||
| 105 | _aa ||||||||| | ||
| 200 | 1 |
_aМоделирование воздействия энергетики на качество воздуха _fА.В. Кейко, Е.В. Кучменко, С.П. Филиппов, П.П. Павлов |
|
| 210 |
_aИркутск _cИСЭМ _d1999 |
||
| 215 |
_a44 с. _cил. _d20 |
||
| 225 | 1 |
_aПрепринт _fРос. акад. наук. Сиб. отд-ние, Ин-т систем энергетики им. Л.А. Мелентьева |
|
| 320 | _aБиблиогр.: с. 35-40 | ||
| 606 | 0 |
_aАтмосфера _xЗагрязнение _xВлияние энергетики _xМоделирование _92103986 _3RU\NLR\auth\661272153 |
|
| 686 | _aЗ370.2-526 | ||
| 686 | _aД232.27в641.0 | ||
| 701 | 1 |
_aКейко _bА. В. _gАлександр Владимирович _4070 |
|
| 701 | 1 |
_aКучменко _bЕ. В. _gЕкатерина Владимировна _4070 |
|
| 701 | 1 |
_4070 _8rus _7ca _aФилиппов _bС. П. _cд-р техн. наук _f1955- _gСергей Петрович _3RU\NLR\auth\7770994 _953922 |
|
| 801 | 0 |
_aRU _bNLR _c19990708 _gPSBO |
|
| 801 | 1 |
_aRU _bNLR _c19990708 |
|
| 852 |
_aNLR _j99-4/4519 |
||
| 942 | _cBOOK | ||
| 980 | _aNB | ||